| 000 | 00771cam a2200169 4500 | ||
|---|---|---|---|
| 001 | ##L136311 | ||
| 008 | 070123n 000 0 eng u | ||
| 035 | _a(Sirsi) u136311 | ||
| 041 | 0 | _aeng | |
| 110 | 2 |
_aInternational Society of the Built Environment _95106 |
|
| 245 | 0 | 0 |
_aInternational Society of the Built Environment _h[electronic resource] |
| 520 | _aWebsite for this association for those interested in all aspects of the indoor and built environment, including indoor air quality. Website includes information about the association and its journal, "Indoor and Built Environment". | ||
| 651 | 4 | _aInternational | |
| 690 | _aBUILT ENVIRONMENT | ||
| 856 | 4 | 0 |
_uhttps://www.isbe.demon.co.uk/ _zView the website free of charge at www.isbe.demon.co.uk... |
| 942 | _n0 | ||
| 999 |
_c120574 _d120574 |
||